Tiền lâm sàng Tập 2 Kỹ năng chuyên khoa cơ bản

Sách hệ thống những kỹ năng giao tiếp y khoa để thiết lập mối quan hệ tốt giữa thầy thuốc và bệnh nhân, quan hệ với đồng nghiệp và lãnh đạo, kỹ năng tư vấn tăng cường sự tuân thủ của bệnh nhân. Trang bị cho sinh viên Y khoa các kỹ nă...

Disgrifiad llawn

Wedi'i Gadw mewn:
Manylion Llyfryddiaeth
Prif Awdur: Nguyễn Trung Kiên (Chủ biên)
Awduron Eraill: Nguyễn Minh Phương (Chủ biên)
Fformat: Llyfr
Iaith:Vietnamese
Cyhoeddwyd: H. Y học 2021
Pynciau:
Tagiau: Ychwanegu Tag
Dim Tagiau, Byddwch y cyntaf i dagio'r cofnod hwn!
Thư viện lưu trữ: Thư viện Trường Đại học Nam Cần Thơ
LEADER 01390nam a22002057a 4500
001 NCT_4_011390
008 210512b xxu||||| |||| 00| 0 vie d
999 |c 8526  |d 8526 
020 |a 9786046650027  |c 185000 
082 0 4 |2 23rd ed.  |a 616.075  |b K305/T.2 
100 1 |a Nguyễn Trung Kiên  |e Chủ biên 
245 1 0 |a Tiền lâm sàng  |n Tập 2  |p Kỹ năng chuyên khoa cơ bản  |c Chủ biên: Nguyễn Trung Kiên, Nguyễn Minh Phương 
260 |a H.  |b Y học  |c 2021 
300 |a 286 tr.  |c 29cm 
520 3 |a Sách hệ thống những kỹ năng giao tiếp y khoa để thiết lập mối quan hệ tốt giữa thầy thuốc và bệnh nhân, quan hệ với đồng nghiệp và lãnh đạo, kỹ năng tư vấn tăng cường sự tuân thủ của bệnh nhân. Trang bị cho sinh viên Y khoa các kỹ năng cơ bản của các chuyên khoa nội khoa, ngoại khoa, sản khoa, nhi khoa và một số kỹ năng cơ bản chuyên khoa mắt, tai mũi họng. 
653 |a Y đa khoa 
700 1 |a Nguyễn Minh Phương  |e Chủ biên 
942 |2 ddc  |c BK 
952 |0 0  |1 0  |2 ddc  |4 0  |6 616_075000000000000_K305_T_2  |7 0  |9 29227  |a 000001  |b 000001  |d 2024-06-27  |o 616.075 K305/T.2  |p MD.22583  |r 2024-06-27  |v 185000.00  |w 2024-06-27  |y BK 
980 |a Thư viện Trường Đại học Nam Cần Thơ